000 01332nam a2200325 c 4500
001 22807
003 ES-MaCES
005 20141221122816.0
008 100203s2009 sp l o000 | spa d
035 _aCES20100000583m
040 _aES-MaCES
_bspa
_cES-MaCES
110 2 _aConsejo Económico y Social de La Rioja
_92443
245 1 0 _aDictamen 10-2009 sobre el Proyecto de Decreto por el que se modifica el Decreto 3/2001, de 26 de enero, por el que se planifican los juegos y apuestas en la Comunidad Autónoma de La Rioja
_cConsejo Económico y Social de La Rioja
260 _aLogroño
_bCES
_c[2009]
300 _a4 p.
_c21 cm
500 _aTít. tomado de la cub.
541 _cGratuito
650 4 _ajuego
_929553
650 4 _aocio
_928397
650 4 _aservicio recreativo
_928398
650 4 _areforma legislativa
_929892
650 4 _aLa Rioja (Comunidad Autónoma)
_930883
650 4 _arégimen jurídico
_929894
650 4 _adictamen
_930802
653 1 0 _aCultura-Ocio
787 0 _tDictamen 10-2008 sobre el Proyecto de Decreto por el que se modifica el Decreto 4/2001, de 26 de enero, por el que se aprueba el catálogo de juegos y apuestas de la Comunidad Autónoma de La Rioja
_w(ES-MaCES)22384
902 _aLIB Libro
942 _2CES
_cBK
_h4.1.
999 _c22807
_d22807